| 000 | 00000nam##2200000za#4500 |
| 001 | 9.593500 |
| 003 | CaOODSP |
| 005 | 20210624201855 |
| 007 | cr ||||||||||| |
| 008 | 150406|2005||||xxc|||||o f|0| 0 fre|d |
| 040 | |aCaOODSP|bfre |
| 043 | |an-cn--- |
| 086 | 1 |aSW21-78/1-2005F-PDF |
| 110 | 1 |aCanada. |bCondition féminine Canada. |
| 245 | 10|aIntroduction à la trousse de fiches de renseignements |h[ressource électronique] |
| 260 | |aOttawa - Ontario : |bCondition féminine Canada |c2005. |
| 490 | 1 |aBeijing +10 : fiches de renseignements |
| 590 | |a06-10-Supp|b2006-12-15 |
| 691 | 07|aÉgalité des sexes|2gcpds |
| 775 | 08|tIntroduction to the fact sheet kit |w(CaOODSP)9.560853 |
| 830 | #0|aBeijing +10 : fiches de renseignements.|w(CaOODSP)9.501478 |
| 856 | 40|ahttp://publications.gc.ca|qPDF|s40 Ko|uhttps://publications.gc.ca/collections/Collection/SW21-78-1-2005F.pdf |